MARC

LEADER 00000nam0a2200000 4500
001 271702
005 20231101234448.0
035 |a (RuTPU)RU\TPU\book\294904 
090 |a 271702 
100 |a 20141010d1966 k y0rusy50 ca 
101 0 |a rus 
102 |a RU 
105 |a y z 001zy 
200 1 |a Алгоритмы (1-50)  |f М. И. Агеев, В. П. Алик, Р. М. Галис  |g Академия наук СССР (АН СССР), Вычислительный центр ; под общей ред. М. И. Агеева 
210 |a Москва  |c Изд-во ВЦ АН СССР  |d 1966 
215 |a 106 с. 
225 1 |a Общие вопросы программирования  |v Вып. 2 
320 |a Библиогр.: с. 102-103. 
606 1 |a Алгоритмы  |x Синтез  |2 stltpush  |3 (RuTPU)RU\TPU\subj\1758  |9 30455 
610 1 |a интегрирование 
610 1 |a полиномы 
610 1 |a рекурсивные алгоритмы 
610 1 |a интерполяция 
610 1 |a вычисления 
610 1 |a логарифмы 
675 |a 510.5  |v 3 
700 1 |a Агеев  |b М. И. 
701 1 |a Алик  |b В. П. 
701 1 |a Галис  |b Р. М. 
702 1 |a Агеев  |b М. И.  |4 340 
712 0 2 |a Академия наук СССР (АН СССР)  |b Вычислительный центр  |2 stltpush  |3 (RuTPU)RU\TPU\col\11481 
801 1 |a RU  |b 63413507  |c 20141010 
801 2 |a RU  |b 63413507  |c 20141024  |g RCR 
942 |c BK